Chemistry of the iron group metallocenes: (Record no. 10434)
[ view plain ]
| 000 -LEADER | |
|---|---|
| fixed length control field | 00754nam a22002411 4500 |
| 001 - CONTROL NUMBER | |
| control field | 10434 |
| 003 - CONTROL NUMBER IDENTIFIER | |
| rucl marc code | BD-RjUL |
| 005 - DATE AND TIME OF LATEST TRANSACTION | |
| control field | 20211208234942.0 |
| 008 - FIXED-LENGTH DATA ELEMENTS--GENERAL INFORMATION | |
| fixed length control field | 140123s1965 nyua b 000 0 eng d |
| 035 ## - SYSTEM CONTROL NUMBER | |
| System control number | (BD-RjUL)10482 |
| 040 ## - CATALOGING SOURCE | |
| Original cataloging agency | DLC/ICU |
| Transcribing agency | ICU |
| Modifying agency | (BD-RjUL) |
| Language of cataloging | eng |
| 041 ## - LANGUAGE CODE | |
| Language code of text/sound track or separate title | eng |
| 082 00 - DEWEY DECIMAL CLASSIFICATION NUMBER | |
| Classification number | 547 |
| Author mark and year | ROC |
| 100 1# - MAIN ENTRY--PERSONAL NAME | |
| Personal name | Rosenblum, Myron. |
| 9 (RLIN) | 32240 |
| 245 10 - TITLE STATEMENT | |
| Title | Chemistry of the iron group metallocenes: |
| Remainder of title | ferrocene, ruthenocene, osmocene / |
| Statement of responsibility, etc. | Rosenblum, Myron |
| 260 ## - PUBLICATION, DISTRIBUTION, ETC. (IMPRINT) | |
| Place of publication, distribution, etc. | New York : |
| Name of publisher, distributor, etc. | Interscience Publishers, |
| Date of publication, distribution, etc. | [1965- |
| 300 ## - PHYSICAL DESCRIPTION | |
| Pagination | pt. : |
| Illustrations | ill. ; |
| Size | 24 cm. |
| 504 ## - BIBLIOGRAPHY, ETC. NOTE | |
| Bibliography, etc | Includes bibliographies. |
| 650 #0 - SUBJECT ADDED ENTRY--TOPICAL TERM | |
| Topical term or geographic name as entry element | Organoiron compounds. |
| 9 (RLIN) | 32242 |
| 942 ## - ADDED ENTRY ELEMENTS (KOHA) | |
| Source of classification or shelving scheme | Dewey Decimal Classification |
| Koha item type | Books |
| Lost status | Source of classification or shelving scheme | Damaged status | Not for loan | Collection code | Permanent Location | Current Location | Shelving location | Date acquired | Source of acquisition | Cost, normal purchase price | Total Checkouts | Full call number | Date last seen | Copy number | Koha item type |
|---|---|---|---|---|---|---|---|---|---|---|---|---|---|---|---|
| Dewey Decimal Classification | Non-fiction | Central Library, University of Rajshahi | Central Library, University of Rajshahi | 08/01/1972 | Zeitlinger | 117.00 | 547 ROC Pt-1 1965 | 23/01/2014 | C-5 | Books | |||||
| Dewey Decimal Classification | Not For Loan | Non-fiction | Central Library, University of Rajshahi | Central Library, University of Rajshahi | Reading Room | 08/01/1972 | Zeitlinger | 117.00 | 547 ROC Pt-1 1965 | 14/05/2017 | C-1 | Books | |||
| Dewey Decimal Classification | Non-fiction | Central Library, University of Rajshahi | Central Library, University of Rajshahi | 08/01/1972 | Zeitlinger | 117.00 | 547 ROC Pt-1 1965 | 14/05/2017 | C-2 | Books | |||||
| Dewey Decimal Classification | Non-fiction | Central Library, University of Rajshahi | Central Library, University of Rajshahi | 08/01/1972 | Zeitlinger | 117.00 | 547 ROC Pt-1 1965 | 14/05/2017 | C-3 | Books | |||||
| Dewey Decimal Classification | Non-fiction | Central Library, University of Rajshahi | Central Library, University of Rajshahi | 08/01/1972 | Zeitlinger | 117.00 | 547 ROC Pt-1 1965 | 14/05/2017 | C-4 | Books |